000 00861nam a2200265 a 4500
001 BRCA_5458
005 20190320205104.0
008 830617s1913 nyuac 000 0beng
041 _aeng
044 _anyu
050 4 _aND673.D9
_b.D93 1913
245 1 0 _aThe work of Anthony van Dyck
_breproduced in five hundred and thirty seven illustrations.
260 _aNueva York
_bBrentano´s
_c1913
300 _a22p., 492 p. de láminas
_bil, láminas, retratos
_c27 cm.
440 0 _aClassics in the art series
_v10
_913942
500 _aReproducido en quinientas treinta y siete ilustraciones
500 _aEdición con cabeza dorada
500 _aM38
600 1 4 _aDyck, Anthonis van
_d1599-1641
_97570
650 1 4 _aPintores flamencos
_97571
650 1 4 _aPinturas flamencas
_913625
700 1 _aSchaeffer, Emil
_913943
902 _aGFM
942 _2lcc
_cB
999 _c5152
_d5152